00482nam a22001577a 4500008004100000020001700041040005500058080002500113100002100138245006300159260003700222300001500259650002000274653001100294700001900305230517b |||||||| |||| 00| 0 eng d a0-12-05450-2 aNational Science LibrarycNational Science Library a571:551(540:252)bL8 aAllchin, Bridget aPrehistory and palaeogeography of the great Indian desert  aLondon: bAcademic Press, c1978 axix, 370p. aPalaeogeography aDesert aGoudie, Andrew